| 000 | 00467nam a22001697a 4500 | ||
|---|---|---|---|
| 003 | NUST - PNEC | ||
| 005 | 20170116180753.0 | ||
| 008 | 150313b xxu||||| |||| 00| 0 eng d | ||
| 040 | _cLIBRARY | ||
| 082 | _a891.439 WAS | ||
| 100 |
_91821 _aWasif Ali Wasif |
||
| 245 |
_aQatra qatra qulzam (Urdu) _cWasif Ali Wasif |
||
| 260 |
_aLahore : _bKashif Publications, _cc1999. |
||
| 300 |
_a208 p. : _c22 cm. |
||
| 650 |
_91822 _aUrdu Literature _xGeneral |
||
| 942 |
_2ddc _cBK |
||
| 999 |
_c62616 _d62616 |
||